000 00300nam a22001337a 4500
008 170418b xxu||||| |||| 00| 0 eng d
020 _a397520999
041 _aeng
080 _a578
100 _a11
101 _aSHM
245 _aESSENRTIALS MEDICAL MICROBIOLOGY
_cVOLK.W.A
942 _2udc
_cBK
999 _c10958
_d10958